000 00788cab a2200217 4500
001 ABS39056
008 090401t1988 xxu||||| |||| 00| 0 eng d
035 _a(Sirsi) u14106
041 _aeng
100 _aOliver-Bellasis, H.
245 _aLaw, wildlife and farming
260 _c1988
350 _a0
490 _aField
_v270(7000) April 1988, 67(1)
520 _aArgues for conservation headlands and wildlife management as an option for the EC `s set-aside policy for 20% of land under cereals production and notes the organisations the Government is obliged to consult such as the Countryside Commission and Nature Conservancy Council .
650 _aAGRICULTURE ACT 1986 S17
650 _aGAME CONSERVANCY
690 _aRURAL PRACTICE
942 _n0
948 _c04/03/1997
999 _c9151
_d9151